| 000 | 00573nam a22001695i 4500 | ||
|---|---|---|---|
| 001 | 166329 | ||
| 003 | ES-MaACL | ||
| 005 | 20230906213317.0 | ||
| 008 | 970829s1895 sp |||| | spa d | ||
| 040 |
_aAR _bspa _cAR |
||
| 100 | 1 |
_aTirado y Rojas, Mariano. _9133263 |
|
| 245 | 1 | 4 |
_aLas tras-logias _b: continuación de "La Masonería en España" / _cpor Mariano Tirado y Rojas. |
| 260 |
_aMadrid : _b[s.n.], _c1895 ( _fEstab. tip. de Ricardo Fé) |
||
| 300 |
_a278 p. ; _c18 cm. |
||
| 610 | 2 | 4 |
_aMasonería- _zEspaña- _yS.XIX. _95663 |
| 852 |
_aES-MaACL _jD-3513 _z-- Rust. |
||
| 999 |
_c166329 _d166329 |
||